<?xml version="1.0" encoding="UTF-8"?>
<record
    xmlns:xsi="http://www.w3.org/2001/XMLSchema-instance"
    xsi:schemaLocation="http://www.loc.gov/MARC21/slim http://www.loc.gov/standards/marcxml/schema/MARC21slim.xsd"
    xmlns="http://www.loc.gov/MARC21/slim">

  <leader>03011nam0a2200457   4500</leader>
  <controlfield tag="001">RU\NLR\bibl\1830665</controlfield>
  <controlfield tag="005">20260408063325.0</controlfield>
  <datafield tag="010" ind1=" " ind2=" ">
    <subfield code="a">978-5-93332-369-3</subfield>
  </datafield>
  <datafield tag="021" ind1=" " ind2=" ">
    <subfield code="a">RU</subfield>
    <subfield code="b">2011-2880&#x438;</subfield>
    <subfield code="9">400&#x438;</subfield>
  </datafield>
  <datafield tag="035" ind1=" " ind2=" ">
    <subfield code="a">(nilc)LIBNET\0000166958</subfield>
  </datafield>
  <datafield tag="035" ind1=" " ind2=" ">
    <subfield code="a">(NLR Aleph) 001821171</subfield>
  </datafield>
  <datafield tag="090" ind1=" " ind2=" ">
    <subfield code="a">2007680</subfield>
    <subfield code="c">2007680</subfield>
  </datafield>
  <datafield tag="100" ind1=" " ind2=" ">
    <subfield code="a">20111005d2011    |||y0rusy50      ca</subfield>
  </datafield>
  <datafield tag="101" ind1="1" ind2=" ">
    <subfield code="a">rus</subfield>
    <subfield code="a">eng</subfield>
    <subfield code="c">eng</subfield>
  </datafield>
  <datafield tag="102" ind1=" " ind2=" ">
    <subfield code="a">RU</subfield>
  </datafield>
  <datafield tag="105" ind1=" " ind2=" ">
    <subfield code="a">a   z   |||||</subfield>
  </datafield>
  <datafield tag="200" ind1="1" ind2=" ">
    <subfield code="a">Birgit Freybe Bateman. &#x423;&#x432;&#x438;&#x434;&#x435;&#x43D;&#x43D;&#x43E;&#x435;</subfield>
    <subfield code="e">[&#x432;&#x44B;&#x441;&#x442;&#x430;&#x432;&#x43A;&#x430; &#x444;&#x43E;&#x442;&#x43E;&#x433;&#x440;&#x430;&#x444;&#x438;&#x439;</subfield>
    <subfield code="f">&#x43F;&#x435;&#x440;. &#x441; &#x430;&#x43D;&#x433;&#x43B;.: &#x42E;&#x43B;&#x438;&#x44F; &#x41A;&#x443;&#x437;&#x43D;&#x435;&#x446;&#x43E;&#x432;&#x430;, &#x418;&#x440;&#x438;&#x43D;&#x430; &#x413;&#x43E;&#x440;&#x44E;&#x43D;&#x43E;&#x432;&#x430;</subfield>
    <subfield code="g">&#x430;&#x432;&#x442;. &#x432;&#x441;&#x442;&#x443;&#x43F;. &#x441;&#x442;.: &#x415;&#x432;&#x433;&#x435;&#x43D;&#x438;&#x44F; &#x41F;&#x435;&#x442;&#x440;&#x43E;&#x432;&#x430;, &#x413;&#x440;&#x435;&#x433; &#x413;&#x443;&#x440;&#x43E;&#x444;&#x444;]</subfield>
  </datafield>
  <datafield tag="210" ind1=" " ind2=" ">
    <subfield code="a">&#x421;&#x430;&#x43D;&#x43A;&#x442;-&#x41F;&#x435;&#x442;&#x435;&#x440;&#x431;&#x443;&#x440;&#x433;</subfield>
    <subfield code="c">Palace Editions</subfield>
    <subfield code="d">2011</subfield>
  </datafield>
  <datafield tag="215" ind1=" " ind2=" ">
    <subfield code="a">83, [1] &#x441;.</subfield>
    <subfield code="c">&#x446;&#x432;. &#x438;&#x43B;., &#x43F;&#x43E;&#x440;&#x442;&#x440;.</subfield>
    <subfield code="d">23x25</subfield>
  </datafield>
  <datafield tag="225" ind1="1" ind2=" ">
    <subfield code="a">&#x410;&#x43B;&#x44C;&#x43C;&#x430;&#x43D;&#x430;&#x445;</subfield>
    <subfield code="f">&#x420;&#x443;&#x441;. &#x43C;&#x443;&#x437;&#x435;&#x439;, &#x41C;&#x443;&#x437;&#x435;&#x439; &#x41B;&#x44E;&#x434;&#x432;&#x438;&#x433;&#x430;</subfield>
    <subfield code="v">&#x432;&#x44B;&#x43F;. 303</subfield>
  </datafield>
  <datafield tag="300" ind1=" " ind2=" ">
    <subfield code="a">&#x41D;&#x430; &#x43E;&#x431;&#x43B;. &#x430;&#x432;&#x442;.: &#x411;&#x438;&#x440;&#x433;&#x438;&#x442; &#x424;&#x440;&#x435;&#x439;&#x431;&#x438; &#x411;&#x435;&#x439;&#x442;&#x43C;&#x430;&#x43D;</subfield>
  </datafield>
  <datafield tag="300" ind1=" " ind2=" ">
    <subfield code="a">&#x41D;&#x430; 4-&#x439; &#x441;. &#x430;&#x432;&#x442;.: &#x411;&#x438;&#x440;&#x433;&#x438;&#x442; &#x424;&#x440;&#x435;&#x439;&#x431;&#x438; &#x411;&#x435;&#x439;&#x442;&#x43C;&#x430;&#x43D; - &#x444;&#x43E;&#x442;&#x43E;&#x433;&#x440;&#x430;&#x444;</subfield>
  </datafield>
  <datafield tag="300" ind1=" " ind2=" ">
    <subfield code="a">&#x412; &#x43D;&#x430;&#x434;&#x437;&#x430;&#x433;.: &#x424;&#x43E;&#x43D;&#x434; &#x43C;&#x435;&#x436;&#x434;&#x443;&#x43D;&#x430;&#x440;. &#x438;&#x441;&#x43A;&#x443;&#x441;&#x441;&#x442;&#x432;&#x430; &#x438; &#x43E;&#x431;&#x440;&#x430;&#x437;&#x43E;&#x432;&#x430;&#x43D;&#x438;&#x44F;, &#x421;&#x428;&#x410;</subfield>
  </datafield>
  <datafield tag="300" ind1=" " ind2=" ">
    <subfield code="a">&#x422;&#x435;&#x43A;&#x441;&#x442; &#x43F;&#x430;&#x440;&#x430;&#x43B;. &#x43D;&#x430; &#x440;&#x443;&#x441;. &#x438; &#x430;&#x43D;&#x433;&#x43B;. &#x44F;&#x437;.</subfield>
  </datafield>
  <datafield tag="517" ind1="0" ind2=" ">
    <subfield code="a">&#x423;&#x432;&#x438;&#x434;&#x435;&#x43D;&#x43D;&#x43E;&#x435;</subfield>
  </datafield>
  <datafield tag="600" ind1=" " ind2="1">
    <subfield code="a">&#x424;&#x440;&#x435;&#x439;&#x431;&#x438; &#x411;&#x435;&#x439;&#x442;&#x43C;&#x430;&#x43D;</subfield>
    <subfield code="b">&#x411;.</subfield>
    <subfield code="f">1946</subfield>
    <subfield code="g">&#x411;&#x438;&#x440;&#x433;&#x438;&#x442;</subfield>
    <subfield code="x">&#x412;&#x44B;&#x441;&#x442;&#x430;&#x432;&#x43A;&#x438;</subfield>
    <subfield code="y">&#x421;&#x430;&#x43D;&#x43A;&#x442;-&#x41F;&#x435;&#x442;&#x435;&#x440;&#x431;&#x443;&#x440;&#x433;, &#x433;&#x43E;&#x440;&#x43E;&#x434;</subfield>
    <subfield code="z">2011</subfield>
    <subfield code="9">2098851</subfield>
    <subfield code="3">RU\NLR\auth\661573139</subfield>
  </datafield>
  <datafield tag="601" ind1="0" ind2="2">
    <subfield code="a">&#x413;&#x43E;&#x441;&#x443;&#x434;&#x430;&#x440;&#x441;&#x442;&#x432;&#x435;&#x43D;&#x43D;&#x44B;&#x439; &#x420;&#x443;&#x441;&#x441;&#x43A;&#x438;&#x439; &#x43C;&#x443;&#x437;&#x435;&#x439;</subfield>
    <subfield code="b">&#x41C;&#x443;&#x437;&#x435;&#x439; &#x41B;&#x44E;&#x434;&#x432;&#x438;&#x433;&#x430;</subfield>
    <subfield code="c">&#x421;&#x430;&#x43D;&#x43A;&#x442;-&#x41F;&#x435;&#x442;&#x435;&#x440;&#x431;&#x443;&#x440;&#x433;, &#x433;&#x43E;&#x440;&#x43E;&#x434;</subfield>
    <subfield code="x">&#x412;&#x44B;&#x441;&#x442;&#x430;&#x432;&#x43A;&#x438;</subfield>
    <subfield code="z">2011</subfield>
    <subfield code="9">2098422</subfield>
    <subfield code="3">RU\NLR\auth\661572916</subfield>
  </datafield>
  <datafield tag="686" ind1=" " ind2=" ">
    <subfield code="a">&#x429;163(7&#x41A;)6-8&#x424;&#x440;&#x435;&#x439;&#x431;&#x438; &#x411;&#x435;&#x439;&#x442;&#x43C;&#x430;&#x43D; &#x411;.</subfield>
    <subfield code="v">LBC/SL</subfield>
    <subfield code="2">rubbk</subfield>
  </datafield>
  <datafield tag="686" ind1=" " ind2=" ">
    <subfield code="a">&#x429;163(7&#x41A;)6-8&#x424;&#x440;&#x435;&#x439;&#x431;&#x438; &#x411;&#x435;&#x439;&#x442;&#x43C;&#x430;&#x43D; &#x43B;62</subfield>
  </datafield>
  <datafield tag="686" ind1=" " ind2=" ">
    <subfield code="a">&#x429;101.3(2&#x420;)-2&#x421;&#x430;&#x43D;&#x43A;&#x442;-&#x41F;&#x435;&#x442;&#x435;&#x440;&#x431;&#x443;&#x440;&#x433;2&#x413;&#x43E;&#x441;. &#x43C;&#x443;&#x437;&#x435;&#x439; &#x43B;62</subfield>
  </datafield>
  <datafield tag="702" ind1=" " ind2="1">
    <subfield code="4">570</subfield>
    <subfield code="8">rus</subfield>
    <subfield code="7">ca</subfield>
    <subfield code="a">&#x424;&#x440;&#x435;&#x439;&#x431;&#x438; &#x411;&#x435;&#x439;&#x442;&#x43C;&#x430;&#x43D;</subfield>
    <subfield code="b">&#x411;.</subfield>
    <subfield code="f">1946-</subfield>
    <subfield code="g">&#x411;&#x438;&#x440;&#x433;&#x438;&#x442;</subfield>
    <subfield code="3">RU\NLR\auth\77110547</subfield>
    <subfield code="9">93472</subfield>
  </datafield>
  <datafield tag="711" ind1="1" ind2="0">
    <subfield code="a">&#x424;&#x440;&#x435;&#x439;&#x431;&#x438; &#x411;&#x435;&#x439;&#x442;&#x43C;&#x430;&#x43D;,</subfield>
    <subfield code="g">&#x411;&#x438;&#x440;&#x433;&#x438;&#x442;</subfield>
    <subfield code="h">&#x412;&#x44B;&#x441;&#x442;&#x430;&#x432;&#x43A;&#x430; &#x444;&#x43E;&#x442;&#x43E;&#x433;&#x440;&#x430;&#x444;&#x438;&#x438;</subfield>
    <subfield code="f">2011</subfield>
    <subfield code="e">&#x421;&#x430;&#x43D;&#x43A;&#x442;-&#x41F;&#x435;&#x442;&#x435;&#x440;&#x431;&#x443;&#x440;&#x433;</subfield>
    <subfield code="3">RU\NLR\AUTH\8810197737</subfield>
    <subfield code="9">284415</subfield>
  </datafield>
  <datafield tag="712" ind1="0" ind2="2">
    <subfield code="4">570</subfield>
    <subfield code="a">&#x413;&#x43E;&#x441;&#x443;&#x434;&#x430;&#x440;&#x441;&#x442;&#x432;&#x435;&#x43D;&#x43D;&#x44B;&#x439; &#x420;&#x443;&#x441;&#x441;&#x43A;&#x438;&#x439; &#x43C;&#x443;&#x437;&#x435;&#x439;</subfield>
    <subfield code="c">&#x421;&#x430;&#x43D;&#x43A;&#x442;-&#x41F;&#x435;&#x442;&#x435;&#x440;&#x431;&#x443;&#x440;&#x433;</subfield>
    <subfield code="b">&#x41C;&#x443;&#x437;&#x435;&#x439; &#x41B;&#x44E;&#x434;&#x432;&#x438;&#x433;&#x430;</subfield>
    <subfield code="3">RU\NLR\AUTH\8810033910</subfield>
    <subfield code="9">566286</subfield>
  </datafield>
  <datafield tag="712" ind1="0" ind2="2">
    <subfield code="4">570</subfield>
    <subfield code="a">&#x424;&#x43E;&#x43D;&#x434; &#x43C;&#x435;&#x436;&#x434;&#x443;&#x43D;&#x430;&#x440;&#x43E;&#x434;&#x43D;&#x43E;&#x433;&#x43E; &#x438;&#x441;&#x43A;&#x443;&#x441;&#x441;&#x442;&#x432;&#x430; &#x438; &#x43E;&#x431;&#x440;&#x430;&#x437;&#x43E;&#x432;&#x430;&#x43D;&#x438;&#x44F;</subfield>
    <subfield code="c">&#x421;&#x428;&#x410;</subfield>
    <subfield code="3">RU\NLR\AUTH\8810197736</subfield>
    <subfield code="9">284412</subfield>
  </datafield>
  <datafield tag="801" ind1=" " ind2="0">
    <subfield code="a">RU</subfield>
    <subfield code="b">&#x413;&#x41F;&#x418;&#x411; &#x420;&#x43E;&#x441;&#x441;&#x438;&#x438;</subfield>
    <subfield code="c">20111005</subfield>
    <subfield code="g">rcr</subfield>
  </datafield>
  <datafield tag="801" ind1=" " ind2="1">
    <subfield code="a">RU</subfield>
    <subfield code="b">&#x413;&#x41F;&#x418;&#x411; &#x420;&#x43E;&#x441;&#x441;&#x438;&#x438;</subfield>
    <subfield code="c">20111005</subfield>
    <subfield code="g">rcr</subfield>
    <subfield code="2">rusmarc</subfield>
  </datafield>
  <datafield tag="801" ind1=" " ind2="2">
    <subfield code="a">RU</subfield>
    <subfield code="b">NLR</subfield>
    <subfield code="c">20111109</subfield>
    <subfield code="g">rcr</subfield>
  </datafield>
  <datafield tag="942" ind1=" " ind2=" ">
    <subfield code="c">BOOK</subfield>
  </datafield>
  <datafield tag="980" ind1=" " ind2=" ">
    <subfield code="a">NB</subfield>
  </datafield>
  <datafield tag="980" ind1=" " ind2=" ">
    <subfield code="a">NBR</subfield>
  </datafield>
  <datafield tag="995" ind1=" " ind2=" ">
    <subfield code="5">2011-11-09</subfield>
    <subfield code="a">ad</subfield>
    <subfield code="b">NLR02</subfield>
    <subfield code="c">NLR02</subfield>
    <subfield code="e">EST</subfield>
    <subfield code="f">3526798</subfield>
    <subfield code="k">&#x42D; &#x41A;&#x41F;/&#x411;419</subfield>
    <subfield code="o">0</subfield>
    <subfield code="r">BOOK</subfield>
    <subfield code="s">_419</subfield>
  </datafield>
  <datafield tag="995" ind1=" " ind2=" ">
    <subfield code="5">2011-11-09</subfield>
    <subfield code="a">ad</subfield>
    <subfield code="b">NLR02</subfield>
    <subfield code="c">NLR02</subfield>
    <subfield code="e">EST</subfield>
    <subfield code="f">3526799</subfield>
    <subfield code="k">&#x42D; &#x41A;&#x41F;/&#x411;419</subfield>
    <subfield code="o">0</subfield>
    <subfield code="r">BOOK</subfield>
    <subfield code="s">_419</subfield>
  </datafield>
  <datafield tag="995" ind1=" " ind2=" ">
    <subfield code="5">2014-03-31</subfield>
    <subfield code="a">ab</subfield>
    <subfield code="b">NLR02</subfield>
    <subfield code="c">NLR02</subfield>
    <subfield code="e">MK</subfield>
    <subfield code="f">1-305870</subfield>
    <subfield code="o">6</subfield>
    <subfield code="p">300.00</subfield>
    <subfield code="r">BOOK</subfield>
  </datafield>
</record>
